000 02123nam a2200289Ia 4500
001 H5612
003 IT-RoPAU
008 130308s9999 xx 000 0 und d
040 _aIT-RoPAU
040 _cIT-RoPAU
041 _aITALIANO
100 _aFabbri Paolo
100 _gCodice Aut. SPICS: 9716
245 _aSegni del tempo. Un lessico politicamente scorretto
245 _bSegni del Tempo. Un Lessico politicamente Scorretto
250 _a1a ed.
260 _aROMA
260 _bMeltemi
260 _c2004 [1° Ed.:2004 - Ed.Ling.Originale:2004]
300 _a"262 p. (prefazione: no ; testo: 262 [pagine: 0-0])"
500 _aPresentazione. Abiura. Agenda. Agnostico. Allergia. Anima. Antisemita. Apocalisse. Arcobaleno. Arma. Assolutamente. Attivista. Audience. Auto. Avventuristico. Azienda. Badante. Bandiera. Bestia. Blasone. Blindato. Bomba. Brigata. Calendario. Cavaliere. Cecchino. Chiaramente. Clandestino. Clerico , Catto . Combattimento. Competitività. Comunicatore. Condono. Corruzione. Cosmopolitica. Crociata. Declino. Demonizzazione. Devolution. Dialogo. Disinformazione. Domani. Eccellenza. Embrione. Emergenza. Emozione. Esperto. Estremista. Extra Comunitario. Fatto. Feticcio. Fiducia. Flessibilità. Fluido. French. Fusion. Futuro. Gay. Gioco. Governance. Guastafeste. Guerra. Iconoclastia. Identità. Imbarazzo. Immunità. Impronta. Indignazione. Inglese.Intercettazione. Interesse. Kamikaze. Lessico. Libertà. Lodi. Logistica. Marionetta. Memoria. Miracolo. Moderato. Moneta. Muro. News. Noi (E Loro). Obesità. Odio. Ostaggio. Pace. Pamphlet. Parola. Parolaccia. Patria. Performante. Persecuzione. Politica. Pololo. Post Umano. Povero. Precauzione. Progetto. Promessa. Propaganda. Protezione. Punteggiatura. Quadra. Reality. Religione. Resistenza. Ricerca. Riformista. Risorsa. Ritirista. Rosario. Rumore. Saggio. Satira. Scoria. Simbolo. Sondaggio. Spia. Statista. Stile. Strumentalizzazione. Tecnologia. Terrorista. Uniforme. Velo. Voto. Zero.....
650 _aSAGGI DI SEMIOLOGIA
650 _eCodice materia Spics: 3257
942 _cBK
957 _71
999 _c88277
_d88277
999 _g1